00840nam a2200253 a 4500001001300000003000900013005001700022008004100039020001000080082001500090100001700105245006200122260004500184300000900229500003500238505004000273650002600313700001700339902000800356942000700364952009900371952009900470999001700569nice12345678IN_TiNIC20260116015126.0050524s1948 newa grp 000 0 eng  ac16800a232.2bBAI aBaillie, D M aGod Was in Christb an Essay on Incarnation and Atonement aNew YorkbCharles Scribner`s Sons,c1948 a230p aincludes index and biblioraphy2 aAppendix to Chaptwer 2 and 3, Index aJesus Christ-Divinity1 aBaillie, D M bSRS cBK 00104070aHMIbHMId2018-04-17g100.00l0o232.1 BAIp11001261r2026-01-16w2026-01-16yARB 00104070aHMIbHMId2018-04-17g168.00l0o232.1 BAIp11001271r2026-01-16w2026-01-16yARB c18403d18403